Piłka nożna - kluby łączące zawodników - Statystyki

Ogólne statystyki
  • Ten quiz został rozwiązany 149 razy
  • Średni wynik to 11 z 15
Statystyki odpowiedzi
Zawodnicy Klub % Poprawnych
Radamel Falcao; Joao Felix; Thibaut Courtois Atletico Madryt
91%
Gareth Bale; Ivan Perisic; Emmanuel Adebayor Tottenham Hotspur
90%
Xabi Alonso; Toni Kroos; Arturo Vidal Bayern Monachium
83%
Emre Can; Dirk Kuyt; Fernando Torres Liverpool FC
82%
Luis Suarez; Jordan Henderson; Lisandro Martinez Ajax Amsterdam
77%
Alexis Sanchez; Fred; Ander Herrera Manchester United
75%
Fabio Coentrao; Mariano Diaz; Pepe Real Madryt
75%
Andrea Pirlo; Joaquin Correa; Romelu Lukaku Inter Mediolan
73%
Zinedine Zidane; Lilian Thuram; Mehdi Benatia Juventus FC
72%
Renato Sanches; Eden Hazard; Victor Osimhen LOSC Lille
67%
Ronaldo Nazario; Mario Gotze; Ronald Koeman PSV Eindhoven
65%
Luis Diaz; Joao Moutinho; Józef Młynarczyk FC Porto
63%
Didier Drogba; Mauro Icardi; Hakim Ziyech Galatasaray SK
63%
Serhou Guirassy; Deniz Undav; Mario Gomez VFB Stuttgart
57%
Pedro; Michael Laudrup; Gary Lineker FC Barcelona
52%
Nie znaleziono quizów pasujących do podanych kryteriów
Rozkład punktacji
Procent ludzi z każdym wynikiem
Percentyl według liczby udzielonych odpowiedzi
Twoja historia wyników
Nie rozwiązałeś tego quizu